000 00435nam a22001457a 4500
008 250623b |||||||| |||| 00| 0 eng d
020 _a9781032699424
050 _aLB3430
_b.R36
100 _aRanganathan Namita
245 _aGuildance and counseling in schools
260 _aMiiton park, Abington
_bRoutledge
_c2024
300 _a Xii 294p.
_bill
650 _aStudents- mental health services
_vEducation counseling
942 _cBK
999 _c3930
_d3930